[Event "11. Senioren Team Europameiste"]
[Site "Velden - Casino"]
[Date "2009.04.08"]
[Round "4"]
[Board "1"]
[White "Baumbach, Friedrich"]
[Black "Happel, Henk"]
[Result "1/2-1/2"]
[WhiteElo "2280"]
[BlackElo "2177"]
[PlyCount "60"]
[EventDate "2009.04.05"]
[EventType "team"]
[EventRounds "9"]
[EventCountry "AUT"]
[WhiteTeam "Berlin"]
[BlackTeam "Koeniglicher Schachverein D.D."]

1.d4 Nf6 2.c4 c5 3.d5 e5 4.Nc3 d6 5.e4 Be7 6.g3 Nbd7 7.Bg2 h5 8.Nf3 Nf8 9.h3 Ng6
10.Be3 a6 11.Nd2 h4 12.a3 Nh5 13.Nf1 Bg5 14.Bf3 Bxe3 15.Nxe3 Nf6 16.Nf5 hxg3
17.fxg3 Kf8 18.Qe2 Ne7 19.Nxe7 Qxe7 20.h4 g6 21.Kd2 Nh5 22.Bxh5 Rxh5 23.Rhf1 Bd7
24.Rf2 Kg7 25.Raf1 Rf8 26.Nd1 Rh7 27.Ne3 Bh3 28.Rh1 Bd7 29.Rhf1 Bh3 30.Rh1 Bd7

[Event "11. Senioren Team Europameiste"]
[Site "Velden - Casino"]
[Date "2009.04.08"]
[Round "4"]
[Board "2"]
[White "Dickhoff, Ronald"]
[Black "Rahls, Peter"]
[Result "0-1"]
[WhiteElo "2149"]
[BlackElo "2280"]
[PlyCount "174"]
[EventDate "2009.04.05"]
[EventType "team"]
[EventRounds "9"]
[EventCountry "AUT"]
[WhiteTeam "Koeniglicher Schachverein D.D."]
[BlackTeam "Berlin"]

1.d4 d5 2.c4 c6 3.Nf3 Nf6 4.e3 a6 5.Nbd2 Bf5 6.Nh4 Bg4 7.f3 Bc8 8.g3 e6 9.Ng2 c5
10.dxc5 Bxc5 11.Nb3 Ba7 12.Bd2 Nc6 13.Bc3 O-O 14.Qd2 e5 15.O-O-O Be6 16.Kb1 dxc4
17.Na5 Nxa5 18.Bxa5 Qxd2 19.Rxd2 b5 20.Bc7 Nd5 21.Bxe5 Nxe3 22.Nxe3 Bxe3 23.Rd6
Bc5 24.Rd1 Rfe8 25.Bf4 Bf5+ 26.Kc1 Rac8 27.g4 Bg6 28.h4 h5 29.Bh3 Rcd8 30.Rxd8
Rxd8 31.Rd1 Re8 32.gxh5 Bxh5 33.Rd5 Re1+ 34.Kc2 Bg6+ 35.Bf5 Bxf5+ 36.Rxf5 Bd4
37.Rd5 Bf6 38.Bd2 Re6 39.h5 Re5 40.Rxe5 Bxe5 41.b3 Kh7 42.bxc4 bxc4 43.a4 f5
44.Bg5 Kg8 45.Kb1 Kf7 46.Kc2 Ke6 47.Be3 f4 48.Bb6 Bf6 49.Bc7 Be5 50.Bd8 Kd7
51.Bb6 Kc6 52.Bf2 Bf6 53.Ba7 Kd5 54.Bb8 Be5 55.Ba7 Ke6 56.Bb6 Kf5 57.Bd8 Bf6
58.Bc7 Kg5 59.Bd6 Bd4 60.Bc7 Kxh5 61.Bxf4 Kh4 62.Kd1 Kh5 63.Bg3 Kg5 64.Ke2 Kf5
65.Bh2 Ke6 66.Bf4 Kd5 67.Bb8 Kc6 68.Bf4 Kb6 69.Bd2 c3 70.Bg5 Ka5 71.Kd3 Bf6
72.Bxf6 gxf6 73.Kxc3 Kxa4 74.Kc4 f5 75.f4 a5 76.Kd5 Kb5 77.Ke6 a4 78.Kxf5 a3
79.Ke6 a2 80.f5 a1=Q 81.f6 Qe1+ 82.Kd7 Qd2+ 83.Ke8 Qe3+ 84.Kf8 Kc6 85.f7 Kd7
86.Kg7 Qg5+ 87.Kf8 Ke6

[Event "11. Senioren Team Europameiste"]
[Site "Velden - Casino"]
[Date "2009.04.08"]
[Round "4"]
[Board "3"]
[White "Lieb, Harald"]
[Black "Lindner, Jan-Joost"]
[Result "0-1"]
[WhiteElo "2247"]
[BlackElo "2165"]
[PlyCount "117"]
[EventDate "2009.04.05"]
[EventType "team"]
[EventRounds "9"]
[EventCountry "AUT"]
[WhiteTeam "Berlin"]
[BlackTeam "Koeniglicher Schachverein D.D."]

1.d4 e6 2.c4 Bb4+ 3.Bd2 Qe7 4.Nc3 Nf6 5.Qc2 Nc6 6.Nf3 d6 7.a3 Bxc3 8.Bxc3 O-O
9.e3 a5 10.Be2 e5 11.d5 Nb8 12.b4 axb4 13.axb4 Rxa1+ 14.Bxa1 Bg4 15.h3 Bxf3
16.gxf3 Nbd7 17.Bc3 Ra8 18.Kd2 b5 19.Ra1 Rxa1 20.Bxa1 Nb6 21.e4 bxc4 22.Bxc4 Qd7
23.Bf1 Nh5 24.Qc6 Nf4 25.Bc3 g6 26.b5 Qc8 27.Ba5 Qb8 28.Kc2 Qa7 29.Qc3 Na4
30.Qd2 h5 31.h4 Kf8 32.Kb1 Ke7 33.Bc4 Qc5 34.Bf1 Qa7 35.Bb4 Nb6 36.Qc3 Kd8
37.Qa3 Qxa3 38.Bxa3 f6 39.Bc1 g5 40.Kc2 Nd7 41.Kc3 gxh4 42.Bxf4 exf4 43.Kd2 Ne5
44.Ke2 Kc8 45.Bg2 Kb7 46.Kf1 Nf7 47.Bh3 Ng5 48.Kg2 Kb6 49.Bd7 Kc5 50.Be8 h3+
51.Kh1 h4 52.Bd7 Kc4 53.Kh2 Kd3 54.Bxh3 Ke2 55.Bg4 Kxf2 56.Bh5 Nxf3+ 57.Kh3 Ke3
58.Bg6 Ne5 59.Kxh4

[Event "11. Senioren Team Europameiste"]
[Site "Velden - Casino"]
[Date "2009.04.08"]
[Round "4"]
[Board "4"]
[White "Vink, Wim"]
[Black "Badestein, Hartmut"]
[Result "1/2-1/2"]
[WhiteElo "2014"]
[BlackElo "2195"]
[PlyCount "55"]
[EventDate "2009.04.05"]
[EventType "team"]
[EventRounds "9"]
[EventCountry "AUT"]
[WhiteTeam "Koeniglicher Schachverein D.D."]
[BlackTeam "Berlin"]

1.d4 Nf6 2.Nf3 g6 3.g3 Bg7 4.Bg2 O-O 5.O-O d6 6.b3 Nbd7 7.Bb2 c6 8.Nbd2 Re8 9.e4
Qc7 10.c4 e5 11.Qc2 Nf8 12.Rfe1 a5 13.a3 exd4 14.Nxd4 Ng4 15.Rad1 Ne6 16.Nxe6
Bxe6 17.Bxg7 Kxg7 18.h3 Nh6 19.Nf3 f6 20.Nd4 Nf7 21.f4 Qe7 22.Qc3 Bd7 23.Re2 c5
24.Nc2 Bc6 25.Re3 h6 26.Rde1 Kh7 27.Kh2 Ra7 28.R1e2

[Event "11. Senioren Team Europameiste"]
[Site "Velden - Casino"]
[Date "2009.04.08"]
[Round "4"]
[Board "1"]
[White "Liebert, Heinz"]
[Black "Toefferl, Heimo"]
[Result "0-1"]
[WhiteElo "2250"]
[BlackElo "2097"]
[PlyCount "72"]
[EventDate "2009.04.05"]
[EventType "team"]
[EventRounds "9"]
[EventCountry "AUT"]
[WhiteTeam "Sachsen-Anhalt"]
[BlackTeam "Kaernten 1"]

1.c4 e6 2.Nf3 f5 3.g3 d5 4.Bg2 c6 5.O-O Bd6 6.b3 Qe7 7.Nc3 Nf6 8.d4 O-O 9.e3 Bd7
10.Ne5 Be8 11.f4 Nbd7 12.Nxd7 Qxd7 13.Bb2 Kh8 14.c5 Bc7 15.b4 Rg8 16.Kh1 Bh5
17.Qd3 g5 18.Rae1 Rg7 19.b5 Rag8 20.bxc6 bxc6 21.Qa6 Bb8 22.Bf3 Bxf3+ 23.Rxf3
Qe8 24.Qe2 h5 25.Qf1 Qg6 26.fxg5 Qxg5 27.Ne2 Ne4 28.Nf4 Nd2 29.Nxe6 Qg4 30.Rf4
Bxf4 31.Qxf4 Qxf4 32.Nxf4 Rh7 33.Nd3 h4 34.Bc1 Ne4 35.gxh4 Rxh4 36.Rg1 Ng3+

[Event "11. Senioren Team Europameiste"]
[Site "Velden - Casino"]
[Date "2009.04.08"]
[Round "4"]
[Board "2"]
[White "Puff, Leo"]
[Black "Hottes, Dieter"]
[Result "1-0"]
[WhiteElo "2032"]
[BlackElo "2163"]
[PlyCount "36"]
[EventDate "2009.04.05"]
[EventType "team"]
[EventRounds "9"]
[EventCountry "AUT"]
[WhiteTeam "Kaernten 1"]
[BlackTeam "Sachsen-Anhalt"]

1.d4 Nf6 2.Nf3 g6 3.c4 Bg7 4.Nc3 d6 5.Bf4 Nc6 6.h3 O-O 7.d5 e5 8.Bg5 Ne7 9.e4 c5
10.Qc2 a6 11.Bd3 Bd7 12.O-O b5 13.Bxf6 Bxf6 14.cxb5 axb5 15.Bxb5 Bxb5 16.Nxb5
Qb6 17.a4 Rfb8 18.b4 cxb4 {Rest unleserlich}

[Event "11. Senioren Team Europameiste"]
[Site "Velden - Casino"]
[Date "2009.04.08"]
[Round "4"]
[Board "3"]
[White "Csulits, Anton"]
[Black "Raschun, Gerhard"]
[Result "1-0"]
[WhiteElo "2207"]
[BlackElo "1989"]
[PlyCount "49"]
[EventDate "2009.04.05"]
[EventType "team"]
[EventRounds "9"]
[EventCountry "AUT"]
[WhiteTeam "Sachsen-Anhalt"]
[BlackTeam "Kaernten 1"]

1.d4 d5 2.Nf3 Nf6 3.g3 e6 4.Bg2 Be7 5.O-O O-O 6.c4 c6 7.Nc3 b6 8.Ne5 Qc7 9.Bf4
Bd6 10.cxd5 exd5 11.Rc1 Qd8 12.e4 dxe4 13.Nxe4 Nxe4 14.Bxe4 Bb7 15.Qh5 g6 16.Qh6
Re8 17.Nxf7 Bxf4 18.Qxf4 Qe7 19.Ne5 Rf8 20.Qd2 Nd7 21.Bxc6 Nxe5 22.Bxb7 Rad8
23.Qe3 Qxb7 24.dxe5 Rf3 25.Qe2

[Event "11. Senioren Team Europameiste"]
[Site "Velden - Casino"]
[Date "2009.04.08"]
[Round "4"]
[Board "4"]
[White "Gaug, Herbert"]
[Black "Werchan, Hans"]
[Result "1/2-1/2"]
[WhiteElo "1809"]
[BlackElo "2174"]
[PlyCount "68"]
[EventDate "2009.04.05"]
[EventType "team"]
[EventRounds "9"]
[EventCountry "AUT"]
[WhiteTeam "Kaernten 1"]
[BlackTeam "Sachsen-Anhalt"]

1.d4 Nf6 2.Nf3 c5 3.d5 d6 4.c4 g6 5.Nc3 Bg7 6.e4 O-O 7.Be2 e6 8.O-O exd5 9.exd5
a6 10.Bg5 h6 11.Bh4 Bf5 12.Qd2 Nbd7 13.Rfe1 Qc7 14.Rad1 Rfe8 15.h3 g5 16.Bg3 Ne4
17.Nxe4 Bxe4 18.b3 Bg6 19.Bd3 Nf8 20.Re3 f5 21.Rde1 f4 22.Rxe8 Rxe8 23.Rxe8 Bxe8
24.Bh2 Qe7 25.Kf1 Bh5 26.Ne1 Nd7 27.Bg1 Ne5 28.Bf5 f3 29.g4 Bg6 30.Bxg6 Nxg6
31.Nxf3 Nf4 32.h4 Qe4 33.Ne1 Bc3 34.Qe3 Qe5

[Event "11. Senioren Team Europameiste"]
[Site "Velden - Casino"]
[Date "2009.04.08"]
[Round "4"]
[Board "2"]
[White "Nordstrom, Felix"]
[Black "Nielsen, Poul Erik"]
[Result "1-0"]
[WhiteElo "2187"]
[BlackElo "2110"]
[PlyCount "83"]
[EventDate "2009.04.05"]
[EventType "team"]
[EventRounds "9"]
[EventCountry "AUT"]
[WhiteTeam "Schweden I"]
[BlackTeam "Danmark 2"]

1.d4 d5 2.c4 e6 3.Nc3 Nf6 4.Bg5 Be7 5.e3 O-O 6.Nf3 c6 7.Qc2 b6 8.Bd3 h6 9.Bxf6
Bxf6 10.cxd5 exd5 11.O-O Bb7 12.b4 Nd7 13.Rab1 Re8 14.Rfd1 Nf8 15.Bf1 Re7 16.Qb3
Rc8 17.b5 c5 18.dxc5 Rxc5 19.Nd4 Ne6 20.Nxe6 fxe6 21.Ne4 Rcc7 22.Nxf6+ gxf6
23.Qa3 Rc8 24.e4 Rd7 25.Qh3 Qe7 26.Qxh6 Qg7 27.Qh3 Kf7 28.Qa3 Ba8 29.Rb3 Qf8
30.Qb2 Rdc7 31.e5 Rc2 32.Qd4 Rxa2 33.exf6 Qd6 34.Qh4 Rf8 35.Rf3 Ke8 36.Re3 Bb7
37.g3 a5 38.bxa6 Bxa6 39.Bh3 Bc8 40.Qd4 Ra5 41.Bxe6 Bxe6 42.Rde1

[Event "11. Senioren Team Europameiste"]
[Site "Velden - Casino"]
[Date "2009.04.08"]
[Round "4"]
[Board "3"]
[White "Olesen, Poul Erik Norgaard"]
[Black "Svensson, Leif"]
[Result "0-1"]
[WhiteElo "2039"]
[BlackElo "2158"]
[PlyCount "42"]
[EventDate "2009.04.05"]
[EventType "team"]
[EventRounds "9"]
[EventCountry "AUT"]
[WhiteTeam "Danmark 2"]
[BlackTeam "Schweden I"]

1.e4 e5 2.Bc4 Nf6 3.d3 Nc6 4.Nf3 Bc5 5.O-O d6 6.c3 a6 7.Bb3 Ba7 8.Nbd2 b5 9.Re1
O-O 10.Nf1 Be6 11.Qc2 Ne7 12.d4 Ng6 13.Ng3 h6 14.h3 c5 15.d5 Bd7 16.Be3 c4
17.Nf5 Bxe3 18.fxe3 Qb6 19.Kh2 Kh7 20.Qf2 Rad8 21.g4 Ne8 {and black wins after
some more moves!}

[Event "11. Senioren Team Europameiste"]
[Site "Velden - Casino"]
[Date "2009.04.08"]
[Round "4"]
[Board "4"]
[White "Nyberg, Ulf"]
[Black "Preuss, Flemming"]
[Result "1-0"]
[WhiteElo "2142"]
[BlackElo "2034"]
[PlyCount "125"]
[EventDate "2009.04.05"]
[EventType "team"]
[EventRounds "9"]
[EventCountry "AUT"]
[WhiteTeam "Schweden I"]
[BlackTeam "Danmark 2"]

1.d4 Nf6 2.c4 e5 3.dxe5 Ng4 4.e3 Nxe5 5.Nh3 Nbc6 6.Be2 Bb4+ 7.Bd2 O-O 8.Bxb4
Nxb4 9.Nf4 a5 10.Nc3 d6 11.a3 Nbc6 12.O-O Be6 13.Nfd5 f5 14.f4 Nf7 15.Nb5 Rc8
16.Qd2 b6 17.Rfd1 Ne7 18.b4 axb4 19.axb4 Bxd5 20.cxd5 c5 21.dxc6 Nxc6 22.Bh5 g6
23.Bf3 Qe7 24.Nd4 Nxd4 25.Qxd4 Rfe8 26.Rd3 Qc7 27.Bd5 Re7 28.h4 Qc2 29.Bb3 Qc7
30.Bd5 Kf8 31.Rad1 b5 32.Qf6 Rce8 33.h5 Rxe3 34.Bxf7 Qxf7 35.Qxd6+ Kg8 36.Rxe3
Rxe3 37.Qb8+ Re8 38.Qxb5 gxh5 39.Qc5 Qe6 40.b5 Rb8 41.Qd5 Kf7 42.Qxe6+ Kxe6
43.Re1+ Kf6 44.Re5 Rc8 45.Re1 Rb8 46.Rb1 Rb6 47.Kf2 h4 48.Ke3 Kg6 49.Kd4 Kh5
50.Kc5 Rg6 51.b6 Rxg2 52.b7 Rg8 53.Kd6 h3 54.b8=Q Rxb8 55.Rxb8 Kg4 56.Ke5 h2
57.Rb1 h5 58.Rh1 Kg3 59.Kxf5 h4 60.Rb1 h3 61.Kg5 Kg2 62.Kg4 h1=Q 63.Rxh1

[Event "11. Senioren Team Europameiste"]
[Site "Velden - Casino"]
[Date "2009.04.08"]
[Round "4"]
[Board "2"]
[White "Gundersen, Helge"]
[Black "Schwertel, Johann"]
[Result "1-0"]
[WhiteElo "2247"]
[BlackElo "1987"]
[PlyCount "45"]
[EventDate "2009.04.05"]
[EventType "team"]
[EventRounds "9"]
[EventCountry "AUT"]
[WhiteTeam "Norwegen 1"]
[BlackTeam "Rheno Palatinat"]

1.f4 d5 2.Nf3 Nf6 3.e3 c6 4.b3 g6 5.Bb2 Bg7 6.Be2 O-O 7.O-O a5 8.a4 Na6 9.Qe1 h5
10.h3 Nb4 11.Na3 c5 12.Qh4 Nh7 13.Bxg7 Kxg7 14.Ne5 Nf6 15.d3 Nc6 16.Qg3 e6
17.Nb5 Ne7 18.Qf2 Nf5 19.g4 hxg4 20.hxg4 Nd6 21.Nxd6 Qxd6 22.Qh4 Rh8 23.Qxh8+

[Event "11. Senioren Team Europameiste"]
[Site "Velden - Casino"]
[Date "2009.04.08"]
[Round "4"]
[Board "3"]
[White "Denda, Ronald"]
[Black "Ulrichsen, Jarl H"]
[Result "1/2-1/2"]
[WhiteElo "2066"]
[BlackElo "2227"]
[PlyCount "31"]
[EventDate "2009.04.05"]
[EventType "team"]
[EventRounds "9"]
[EventCountry "AUT"]
[WhiteTeam "Rheno Palatinat"]
[BlackTeam "Norwegen 1"]

1.e4 c6 2.d4 d5 3.exd5 Qxd5 4.Nf3 Bg4 5.Be2 e6 6.Bf4 Nf6 7.O-O Be7 8.Nc3 Qa5
9.Ne5 Bxe2 10.Nxe2 O-O 11.c3 Nbd7 12.Qb3 Qb6 13.Rfe1 Rfe8 14.Nxd7 Nxd7 15.Ng3
Nf8 16.Ne4

[Event "11. Senioren Team Europameiste"]
[Site "Velden - Casino"]
[Date "2009.04.08"]
[Round "4"]
[Board "4"]
[White "Taksrud, Vidar"]
[Black "Neumann, Horst"]
[Result "1-0"]
[WhiteElo "2191"]
[BlackElo "1984"]
[PlyCount "97"]
[EventDate "2009.04.05"]
[EventType "team"]
[EventRounds "9"]
[EventCountry "AUT"]
[WhiteTeam "Norwegen 1"]
[BlackTeam "Rheno Palatinat"]

1.d4 d5 2.Nf3 Nf6 3.g3 Bg4 4.Bg2 Nbd7 5.Ne5 Bh5 6.O-O e6 7.c4 c6 8.Nc3 Nxe5
9.dxe5 Nd7 10.cxd5 exd5 11.Bf4 g5 12.e6 gxf4 13.exd7+ Qxd7 14.Qd4 f6 15.Qxf6 Bg7
16.Qxf4 O-O-O 17.Qh4 Bg4 18.h3 Be6 19.Rac1 Rdf8 20.Rfd1 Qf7 21.Bf3 Bf6 22.Qf4
Bxc3 23.Qxf7 Rxf7 24.Rxc3 Rd8 25.Bg2 Re7 26.e3 Rf7 27.b4 a6 28.a4 Rc7 29.a5 Rf8
30.Rd4 Rcf7 31.f4 Kb8 32.g4 h5 33.f5 Bd7 34.Kf2 Kc7 35.Bxd5 Rg7 36.Bf3 Kd8 37.e4
hxg4 38.Bxg4 Ke7 39.Rf3 Kf6 40.Rfd3 Rff7 41.Ke3 Ke5 42.Rd6 Bc8 43.Rd8 Bd7 44.Rc3
Kd6 45.f6 Rxg4 46.hxg4 Kc7 47.Rxd7+ Kxd7 48.e5 Ke6 49.Kd4

[Event "11. Senioren Team Europameiste"]
[Site "Velden - Casino"]
[Date "2009.04.08"]
[Round "4"]
[Board "1"]
[White "Hoehm, Walter Dr"]
[Black "Kwatschewsky, Leo"]
[Result "0-1"]
[WhiteElo "2035"]
[BlackElo "2238"]
[PlyCount "82"]
[EventDate "2009.04.05"]
[EventType "team"]
[EventRounds "9"]
[EventCountry "AUT"]
[WhiteTeam "USV Halle"]
[BlackTeam "Wien 2"]

1.e4 d6 2.d4 Nf6 3.Bd3 g6 4.f4 e5 5.c3 Bg7 6.Nf3 exd4 7.cxd4 O-O 8.O-O Nc6 9.Nc3
Bg4 10.Be3 Re8 11.h3 Bf5 12.exf5 Rxe3 13.Qd2 Re8 14.Rae1 Qd7 15.fxg6 fxg6
16.Bc4+ Kh8 17.Ng5 d5 18.Bb5 Rxe1 19.Rxe1 Re8 20.Nf3 Ne4 21.Nxe4 dxe4 22.Bxc6
Qxc6 23.Ne5 Qd5 24.Qe3 Rd8 25.b3 Kg8 26.Qxe4 Qxd4+ 27.Kh2 Qxe4 28.Rxe4 Rd5
29.Kg3 Bxe5 30.fxe5 Kf7 31.a4 Rd3+ 32.Kf4 Rxb3 33.Kg5 Rg3+ 34.Kh6 Rxg2 35.h4 Ke6
36.Kxh7 a5 37.Kg7 c6 38.Re1 Rg4 39.Rb1 Rb4 40.Ra1 Rxh4 41.Kxg6 Kxe5

[Event "11. Senioren Team Europameiste"]
[Site "Velden - Casino"]
[Date "2009.04.08"]
[Round "4"]
[Board "2"]
[White "Stuerzenbaum, Arthur"]
[Black "Kirmas, Joachim"]
[Result "1-0"]
[WhiteElo "2189"]
[BlackElo "2134"]
[PlyCount "75"]
[EventDate "2009.04.05"]
[EventType "team"]
[EventRounds "9"]
[EventCountry "AUT"]
[WhiteTeam "Wien 2"]
[BlackTeam "USV Halle"]

1.e4 e5 2.Nf3 d6 3.d4 Nf6 4.dxe5 Nxe4 5.Qd5 Nc5 6.Bg5 Qd7 7.exd6 Bxd6 8.Nc3 Qe6+
9.Be3 Qxd5 10.Nxd5 Ne6 11.O-O-O O-O 12.Nd2 Re8 13.Ne4 Bf8 14.Ndf6+ gxf6 15.Nxf6+
Kg7 16.Nxe8+ Kg6 17.Nxc7 Nxc7 18.Rd8 Nc6 19.Rxf8 Kg7 20.Rxc8 Rxc8 21.Be2 Nd5
22.Bf3 Ncb4 23.Bxd5 Nxd5 24.Bxa7 Nf4 25.Be3 Nd3+ 26.Kb1 Nb4 27.a3 Nc6 28.Rd1 Rc7
29.b3 Kf6 30.Kb2 Ke6 31.g3 Ne7 32.Bf4 Rc6 33.Rd8 Ng6 34.Be3 Rc7 35.h4 Re7 36.Bd4
Kf5 37.a4 Ne5 38.Rd5

[Event "11. Senioren Team Europameiste"]
[Site "Velden - Casino"]
[Date "2009.04.08"]
[Round "4"]
[Board "4"]
[White "Teichmeister, Sven"]
[Black "Reinemann, Guenter"]
[Result "1/2-1/2"]
[WhiteElo "2084"]
[BlackElo "1968"]
[PlyCount "94"]
[EventDate "2009.04.05"]
[EventType "team"]
[EventRounds "9"]
[EventCountry "AUT"]
[WhiteTeam "Wien 2"]
[BlackTeam "USV Halle"]

1.e4 a6 2.d4 b5 3.Nf3 Bb7 4.Bd3 Nf6 5.Qe2 e6 6.Bg5 Be7 7.Nbd2 h6 8.Bh4 g5 9.Bg3
c5 10.dxc5 Bxc5 11.a4 b4 12.Nb3 Be7 13.O-O Nc6 14.Nfd2 h5 15.Nc4 d5 16.exd5 Nxd5
17.h3 Nf4 18.Bxf4 gxf4 19.Rad1 Qc7 20.Be4 Nd8 21.Rd2 Rc8 22.Bxb7 Nxb7 23.Qe5
Qxe5 24.Nxe5 Bd6 25.Nf3 Ke7 26.Re1 Rhd8 27.Red1 Nc5 28.Nxc5 Rxc5 29.Ne1 a5
30.Nd3 Rd5 31.Ne1 Rc5 32.b3 Bc7 33.Rxd8 Bxd8 34.Rd2 Bc7 35.Kf1 Be5 36.Nd3 Rd5
37.Ke2 Bc7 38.Nb2 f3+ 39.gxf3 Re5+ 40.Kf1 Rg5 41.Nc4 Bh2 42.Rd4 Rg1+ 43.Ke2 Bc7
44.Rh4 Rg5 45.f4 Rc5 46.Kd3 Kf6 47.Ne3 Kg6

[Event "11. Senioren Team Europameiste"]
[Site "Velden - Casino"]
[Date "2009.04.08"]
[Round "4"]
[Board "1"]
[White "Clemens, Christian Dr"]
[Black "Perman, Torvald"]
[Result "1-0"]
[WhiteElo "2291"]
[BlackElo "2048"]
[PlyCount "81"]
[EventDate "2009.04.05"]
[EventType "team"]
[EventRounds "9"]
[EventCountry "AUT"]
[WhiteTeam "Niedersachsen"]
[BlackTeam "Turku"]

1.g3 c5 2.Bg2 Nc6 3.e4 g6 4.d3 Bg7 5.f4 d6 6.Nf3 e6 7.c3 Nge7 8.Be3 O-O 9.O-O b6
10.a4 Ba6 11.Na3 Qd7 12.Bf2 d5 13.e5 Rad8 14.Re1 d4 15.c4 Bb7 16.Ng5 Nc8 17.Ne4
f5 18.exf6 Bxf6 19.Qg4 Rde8 20.Re2 Nb4 21.Rd2 Bg7 22.Nc2 Nxc2 23.Rxc2 a5 24.Re2
Re7 25.h4 e5 26.Qxd7 Rxd7 27.fxe5 Re7 28.Rae1 Rfe8 29.e6 Kh8 30.Bh3 Bxe4 31.Rxe4
Nd6 32.R4e2 Nf5 33.g4 Ne3 34.g5 Be5 35.Bxe3 dxe3 36.Rg2 Bd4 37.Rf1 Kg7 38.b3 Rf8
39.Rxf8 Kxf8 40.Bg4 Ke8 41.Re2

[Event "11. Senioren Team Europameiste"]
[Site "Velden - Casino"]
[Date "2009.04.08"]
[Round "4"]
[Board "2"]
[White "Palmo, Pentti"]
[Black "Dornieden, Manfred"]
[Result "0-1"]
[WhiteElo "2066"]
[BlackElo "2264"]
[PlyCount "51"]
[EventDate "2009.04.05"]
[EventType "team"]
[EventRounds "9"]
[EventCountry "AUT"]
[WhiteTeam "Turku"]
[BlackTeam "Niedersachsen"]

1.e4 g6 2.d4 Bg7 3.c4 d6 4.Nc3 Nf6 5.Be2 O-O 6.Nf3 c5 7.d5 a6 8.O-O b6 9.h3 Bb7
10.Be3 Qc7 11.Qd2 Nbd7 12.Bh6 Ne5 13.Nh2 e6 14.Bxg7 Kxg7 15.f4 Ned7 16.Rf2 exd5
17.exd5 Rae8 18.Raf1 Qd8 19.Bd3 Qe7 20.Re2 Qd8 21.Rfe1 Rxe2 22.Rxe2 Re8 23.a4
Rxe2 24.Qxe2 Qc7 25.Qf3 Ne8 26.Qe2

[Event "11. Senioren Team Europameiste"]
[Site "Velden - Casino"]
[Date "2009.04.08"]
[Round "4"]
[Board "3"]
[White "Durst, Uwe"]
[Black "Lehtosaari, Kalevi"]
[Result "0-1"]
[WhiteElo "2092"]
[BlackElo "2031"]
[PlyCount "100"]
[EventDate "2009.04.05"]
[EventType "team"]
[EventRounds "9"]
[EventCountry "AUT"]
[WhiteTeam "Niedersachsen"]
[BlackTeam "Turku"]

1.f4 Nf6 2.Nf3 d5 3.b3 g6 4.Bb2 Bg7 5.e3 O-O 6.Be2 c5 7.O-O Nc6 8.Bb5 Bg4 9.Bxc6
bxc6 10.d3 Qc7 11.Nbd2 Nh5 12.Bxg7 Nxg7 13.Qe1 f6 14.h3 Bxf3 15.Rxf3 e5 16.Qf2
Rae8 17.e4 Qd6 18.Rf1 Ne6 19.f5 Nf4 20.fxg6 hxg6 21.Kh2 Kg7 22.g3 Nh5 23.Re1 Rh8
24.Nf1 Rh7 25.Ne3 Reh8 26.Ng2 g5 27.g4 Nf4 28.Nxf4 exf4 29.Kg2 Qd7 30.exd5 Rxh3
31.Rxh3 Qxg4+ 32.Rg3 fxg3 33.Re7+ Kg6 34.Qxg3 Qd1 35.Qe1 Qxc2+ 36.Qe2 Qxe2+
37.Rxe2 cxd5 38.Rc2 Rc8 39.b4 c4 40.dxc4 dxc4 41.a4 Kf5 42.Kf3 Ke5 43.b5 Kd4
44.Rd2+ Kc5 45.Rd7 c3 46.Ke2 Kb4 47.Kd1 Kxa4 48.Rxa7+ Kxb5 49.Rf7 Rc6 50.Kc2 Kb4

[Event "11. Senioren Team Europameiste"]
[Site "Velden - Casino"]
[Date "2009.04.08"]
[Round "4"]
[Board "2"]
[White "Van Herck, Marcel"]
[Black "Fasser, Walter"]
[Result "1/2-1/2"]
[WhiteElo "2182"]
[BlackElo "2068"]
[PlyCount "90"]
[EventDate "2009.04.05"]
[EventType "team"]
[EventRounds "9"]
[EventCountry "AUT"]
[WhiteTeam "Belgien"]
[BlackTeam "Voecklabruck/Oberoesterreich"]

1.e4 d5 2.exd5 Qxd5 3.Nc3 Qa5 4.d4 Nf6 5.Nf3 c6 6.Bc4 Bf5 7.Bd2 Qc7 8.Qe2 e6
9.O-O-O Nbd7 10.Nh4 Bg6 11.Nxg6 hxg6 12.d5 Nxd5 13.Nxd5 cxd5 14.Bxd5 O-O-O
15.Bf3 Bd6 16.Be3 Kb8 17.h3 Ne5 18.Bf4 Nxf3 19.Bxd6 Rxd6 20.Rxd6 Qxd6 21.Qxf3
Rd8 22.Rd1 Qxd1+ 23.Qxd1 Rxd1+ 24.Kxd1 Kc7 25.Ke2 Kd6 26.Kd3 e5 27.c4 a5 28.b3
f5 29.a3 g5 30.b4 axb4 31.axb4 g6 32.Ke3 b6 33.f3 Ke6 34.Kf2 Kd6 35.Kg3 Ke6
36.h4 gxh4+ 37.Kxh4 e4 38.fxe4 fxe4 39.Kg3 Ke5 40.c5 bxc5 41.bxc5 Kd5 42.Kf4 e3
43.Kxe3 Kxc5 44.Kf4 Kd5 45.Kg5 Ke4

[Event "11. Senioren Team Europameiste"]
[Site "Velden - Casino"]
[Date "2009.04.08"]
[Round "4"]
[Board "3"]
[White "Nussbaumer, Josef"]
[Black "Maes, Valeer"]
[Result "1/2-1/2"]
[WhiteElo "2070"]
[BlackElo "2151"]
[PlyCount "103"]
[EventDate "2009.04.05"]
[EventType "team"]
[EventRounds "9"]
[EventCountry "AUT"]
[WhiteTeam "Voecklabruck/Oberoesterreich"]
[BlackTeam "Belgien"]

1.e4 e6 2.c4 d5 3.cxd5 exd5 4.Qb3 Nf6 5.e5 Ne4 6.Nc3 Nxc3 7.bxc3 c6 8.d4 Nd7
9.f4 Nb6 10.a4 Rb8 11.Bd3 Qh4+ 12.g3 Qh5 13.Ba3 Bxa3 14.Qxa3 Bf5 15.Be2 Bg4
16.Ra2 Qg6 17.Bxg4 Nc4 18.Qc1 Qxg4 19.Kf2 O-O 20.Nf3 b5 21.h3 Qd7 22.axb5 Rxb5
23.g4 Rfb8 24.f5 Rb2+ 25.Rxb2 Rxb2+ 26.Kg3 Re2 27.Qf4 Re4 28.e6 Qb7 29.exf7+ Kf8
30.Qg5 Qb8+ 31.Kh4 h6 32.Qg6 Qf4 33.Rb1 Ne3 34.Ne5 Nxf5+ 35.Qxf5 Qxf5 36.Rb8+
Ke7 37.f8=Q+ Qxf8 38.Ng6+ Kf7 39.Nxf8 Re3 40.g5 hxg5+ 41.Kg4 Rxc3 42.Nd7 Ke6
43.Ne5 c5 44.Re8+ Kd6 45.Kf5 cxd4 46.Rd8+ Kc5 47.Ke6 Rxh3 48.Rxd5+ Kb6 49.Nc4+
Kc6 50.Ne5+ Kb6 51.Nd7+ Kc7 52.Rxd4

[Event "11. Senioren Team Europameiste"]
[Site "Velden - Casino"]
[Date "2009.04.08"]
[Round "4"]
[Board "1"]
[White "Turian, Hans"]
[Black "Rasmussen, Lars-Bo"]
[Result "1-0"]
[WhiteElo "2043"]
[BlackElo "2057"]
[PlyCount "147"]
[EventDate "2009.04.05"]
[EventType "team"]
[EventRounds "9"]
[EventCountry "AUT"]
[WhiteTeam "ESV ASKOE ADMIRA VILLACH"]
[BlackTeam "Luxemburg"]

1.d4 f5 2.g3 Nf6 3.Bg2 e6 4.Nf3 Be7 5.O-O O-O 6.c4 d5 7.b3 c6 8.Ba3 Bd7 9.Bxe7
Qxe7 10.Nbd2 Be8 11.Ne5 g5 12.f3 Nbd7 13.Nd3 e5 14.dxe5 Nxe5 15.Qc2 Bg6 16.Rfe1
f4 17.Qc3 Rae8 18.Nf1 Qc7 19.Rad1 Rf7 20.gxf4 Nxd3 21.exd3 gxf4 22.Rxe8+ Nxe8
23.Qd4 Rd7 24.Bh3 Rg7 25.Kf2 dxc4 26.dxc4 b6 27.Nd2 c5 28.Be6+ Kf8 29.Qd5 Qe7
30.Nf1 Qh4+ 31.Ke2 Qe7 32.Kf2 Qh4+ 33.Ke2 Re7 34.Re1 Qh3 35.Kd1 Qg2 36.Nd2 Qf2
37.Qe5 Qd4 38.Qxd4 cxd4 39.Bd5 Rxe1+ 40.Kxe1 Nf6 41.Bb7 Ke7 42.b4 Kd6 43.Ke2 Kc7
44.Ba8 Bf5 45.Nb3 Nd7 46.Nxd4 Bh3 47.Be4 Ne5 48.Bd5 Kd7 49.Kd2 a5 50.a3 axb4
51.axb4 Kd6 52.Kc3 Ng6 53.Be4 Bd7 54.Ne2 Ke5 55.c5 bxc5 56.bxc5 Nf8 57.Kb4 h6
58.Ka5 Ne6 59.Kb6 Ba4 60.Nc3 Bb3 61.c6 Kd4 62.Nb5+ Ke3 63.Nc7 h5 64.Nxe6 Bxe6
65.c7 Kf2 66.Kc6 h4 67.Kd6 Bc8 68.Ke5 Kg2 69.Kxf4 Kxh2 70.Ke5 Kg3 71.f4 Kg4
72.f5 Kg5 73.f6 Kh6 74.Bf5

[Event "11. Senioren Team Europameiste"]
[Site "Velden - Casino"]
[Date "2009.04.08"]
[Round "4"]
[Board "2"]
[White "Feller, Josy"]
[Black "Grom, Waldemar"]
[Result "1-0"]
[WhiteElo "2214"]
[BlackElo "1975"]
[PlyCount "53"]
[EventDate "2009.04.05"]
[EventType "team"]
[EventRounds "9"]
[EventCountry "AUT"]
[WhiteTeam "Luxemburg"]
[BlackTeam "ESV ASKOE ADMIRA VILLACH"]

1.e4 c5 2.b4 cxb4 3.a3 e6 4.axb4 Bxb4 5.c3 Be7 6.d4 Nf6 7.Bd3 O-O 8.Nf3 d6 9.h4
Qc7 10.e5 dxe5 11.dxe5 Nfd7 12.Bxh7+ Kxh7 13.Ng5+ Kg8 14.f4 g6 15.h5 Bxg5
16.hxg6 fxg6 17.Qg4 Nxe5 18.Qxg5 Nd3+ 19.Kd2 Nxc1 20.Kc2 Ne2 21.Rh6 Nxf4 22.Qh4
Qg7 23.Nd2 Nh5 24.Qg5 Nf4 25.Rah1 Qf6 26.Qxf6 Rxf6 27.Rh8+